| 000 | 00632nam a2200229Ia 4500 | ||
|---|---|---|---|
| 003 | OSt | ||
| 005 | 20220926042649.0 | ||
| 006 | a|||||r|||| 00| 0 | ||
| 007 | ta | ||
| 008 | 220923b |||||||| |||| 00| 0 eng d | ||
| 037 | _cGeneral Book | ||
| 040 |
_aRTL _cRTL _beng |
||
| 041 |
_2eng _aeng |
||
| 082 | _aX93.2.N6, K3 | ||
| 100 |
_aGanguly D. S. _9346603 |
||
| 245 | 0 | _aPublic corporation in a national economy with spec | |
| 260 | _c1963 | ||
| 500 | _aCalcutta University, Thesis, 1961 | ||
| 650 | _aPublic Sector Economics | ||
| 942 |
_hX93.2.N6, K3 _cGB _2CC |
||
| 999 |
_c670327 _d670327 |
||